[Event "Frankfurt Ch B 2016"]
[Site "Ffm-Höchst, BiKuZ"]
[Date "2016.05.23"]
[Round "4.2"]
[White "Winter, Thomas"]
[Black "Wich, Manuela"]
[Result "0-1"]
[WhiteElo "1359"]
[BlackElo "1493"]
[PlyCount "80"]
[EventDate "2016.??.??"]
[WhiteTeam "SC Steinbach"]
[BlackTeam "Niederräder TG"]

1. e4 c6 2. Nf3 d5 3. Nc3 Bg4 4. h3 Bxf3 5. Qxf3 e6 6. d3 d4 7. Ne2 c5 8. b3
Nc6 9. a3 Nf6 10. Bf4 e5 11. Bd2 Be7 12. Ng3 O-O 13. Qd1 Ne8 14. Be2 Nd6 15.
O-O b5 16. f4 f6 17. Bg4 c4 18. Be6+ Kh8 19. bxc4 bxc4 20. Bd5 Rc8 21. Bb4 Nxb4
22. axb4 cxd3 23. cxd3 Qb6 24. Qd2 exf4 25. Rxf4 Rc3 26. Rb1 Rfc8 27. Qd1 Qb8
28. Ne2 Ra3 29. Rf3 Nb5 30. Bc4 Nc3 31. Nxc3 Rxc3 32. b5 Qd6 33. Qa4 Qc7 34.
Ra1 Bc5 35. Re1 Ra3 36. Qd1 Bb4 37. Re2 Qa5 38. Kf2 Ra1 39. Qc2 Be1+ 40. Kg1
Bg3+ 0-1

[Event "Frankfurt Ch B 2016"]
[Site "Ffm-Höchst, BiKuZ"]
[Date "2016.05.23"]
[Round "4.3"]
[White "Both, Günter"]
[Black "Wöhl, Torsten"]
[Result "0-1"]
[WhiteElo "1477"]
[BlackElo "1363"]
[PlyCount "60"]
[EventDate "2016.??.??"]
[WhiteTeam "SK Bischofsheim"]
[BlackTeam "SC Groß-Zimmern"]

1. e4 e6 2. d4 d5 3. exd5 exd5 4. Bd3 c5 5. dxc5 Bxc5 6. Qe2+ Ne7 7. Nf3 O-O 8.
O-O Nbc6 9. c3 a5 10. Qc2 Ng6 11. Re1 Bg4 12. Nbd2 Qf6 13. h3 Bd7 14. Nb3 Bb6
15. Bg5 Qd6 16. Be3 Bxe3 17. Rxe3 Rac8 18. Rae1 Nb4 19. Qb1 Nxd3 20. Qxd3 b6
21. Nbd4 Nf4 22. Qd1 Qg6 23. Nh4 Qf6 24. Rf3 Qxh4 25. Rg3 Rce8 26. Nf3 Rxe1+
27. Nxe1 Re8 28. Kf1 Bb5+ 29. Nd3 Nxd3 30. Rxd3 Qe4 0-1

[Event "Frankfurt Ch B 2016"]
[Site "Ffm-Höchst, BiKuZ"]
[Date "2016.05.23"]
[Round "4.4"]
[White "Manasek, Martin"]
[Black "Giebitz, Walter"]
[Result "1-0"]
[WhiteElo "1311"]
[BlackElo "1326"]
[PlyCount "69"]
[EventDate "2016.??.??"]
[WhiteTeam "Bad Vilbeler Sfr"]
[BlackTeam "SC Steinbach"]

1. d4 d5 2. c4 Nf6 3. Nc3 Bf5 4. Nf3 e6 5. Bg5 Be7 6. e3 Ne4 7. Bxe7 Qxe7 8.
Bd3 Nd7 9. cxd5 Nxc3 10. bxc3 Bxd3 11. Qxd3 exd5 12. O-O O-O 13. c4 dxc4 14.
Qxc4 Nb6 15. Qe2 Nd5 16. Rfc1 Rac8 17. Qb5 Nb6 18. Qh5 Nd7 19. Qa5 Nf6 20. Qxa7
b6 21. a4 Nd5 22. Ne5 f6 23. Nc6 Qd6 24. Qa6 Nb4 25. Qc4+ Kh8 26. Qxb4 Qe6 27.
Qc4 Qd7 28. Qb5 Qg4 29. h3 Qe4 30. a5 Rfe8 31. axb6 cxb6 32. Qxb6 Re6 33. Qb7
Rce8 34. Ra7 h6 35. Qxg7# 1-0

[Event "Frankfurt Ch B 2016"]
[Site "Ffm-Höchst, BiKuZ"]
[Date "2016.05.23"]
[Round "4.6"]
[White "Ratfai, Miksa"]
[Black "Mayer, Rolf"]
[Result "1/2-1/2"]
[WhiteElo "947"]
[BlackElo "1259"]
[PlyCount "42"]
[EventDate "2016.??.??"]
[WhiteTeam "SC Bad Soden"]
[BlackTeam "SC Flörsheim"]

1. e4 d6 2. d4 Nf6 3. Nc3 g6 4. Nf3 Bg7 5. Bg5 O-O 6. Bc4 Re8 7. O-O Nxe4 8.
Nxe4 d5 9. Bd3 dxe4 10. Bxe4 c6 11. Qd2 Qb6 12. b3 Bg4 13. Rad1 Na6 14. c3 Nc7
15. Bh6 Rad8 16. Qf4 Bxf3 17. Bxf3 Nd5 18. Bxd5 Rxd5 19. Bxg7 Kxg7 20. c4 Rf5
21. Qe3 Qc7 1/2-1/2

[Event "Frankfurt Ch B 2016"]
[Site "Ffm-Höchst, BiKuZ"]
[Date "2016.05.23"]
[Round "4.8"]
[White "Nebel, Marcel"]
[Black "Pessotschinski, Eduard"]
[Result "0-1"]
[WhiteElo "1210"]
[BlackElo "1040"]
[PlyCount "46"]
[EventDate "2016.??.??"]
[WhiteTeam "SF Friedberg"]
[BlackTeam "TuS Makkabi"]

1. e4 e5 2. f4 d6 3. Nf3 Nc6 4. Bc4 Bg4 5. O-O Nd4 6. Be2 Nxe2+ 7. Qxe2 exf4 8.
d4 g5 9. Qb5+ Bd7 10. Qxb7 h6 11. Qb3 Nf6 12. e5 dxe5 13. dxe5 Bc5+ 14. Kh1 Ne4
15. h3 Ng3+ 16. Kh2 Nxf1+ 17. Kh1 Ng3+ 18. Kh2 O-O 19. Nc3 Bc6 20. Qc4 Bxf3 21.
gxf3 Bb6 22. b3 Qd4 23. Kg2 Qf2# 0-1

[Event "Frankfurt Ch B 2016"]
[Site "Ffm-Höchst, BiKuZ"]
[Date "2016.05.23"]
[Round "4.9"]
[White "Goodwin, David"]
[Black "Neagu, Liviu"]
[Result "0-1"]
[WhiteElo "1323"]
[BlackElo "1357"]
[PlyCount "132"]
[EventDate "2016.??.??"]
[WhiteTeam "SV Kelsterbach"]
[BlackTeam "SF Friedberg"]

1. Nf3 d5 2. g3 c5 3. d3 Nc6 4. Bg2 e5 5. O-O h6 6. Nbd2 Nf6 7. c4 d4 8. Nb3
Bd6 9. e4 O-O 10. h3 a6 11. Nh4 Nh7 12. Nf5 Nf6 13. Nxd6 Qxd6 14. f4 exf4 15.
Bxf4 Qe7 16. Qf3 Ne5 17. Bxe5 Qxe5 18. g4 Be6 19. Qf4 Qxf4 20. Rxf4 Nd7 21. Re1
g5 22. Rf2 b6 23. e5 Rab8 24. Nd2 b5 25. b3 a5 26. Ne4 a4 27. Nf6+ Nxf6 28.
Rxf6 Kg7 29. cxb5 axb3 30. axb3 Rxb5 31. Be4 Rxb3 32. Bf5 Bxf5 33. gxf5 Rxd3
34. Rc6 Rc3 35. e6 fxe6 36. fxe6 d3 37. Rd6 c4 38. Rd7+ Kg8 39. e7 Re8 40. Rf1
Kg7 41. Rf8 Rxe7 42. Rxe7+ Kxf8 43. Rd7 Rc2 44. Kf1 d2 45. Ke2 d1=Q+ 46. Kxd1
Rc3 47. Rc7 Rxh3 48. Rxc4 Rf3 49. Ke2 Rf6 50. Rg4 Kg7 51. Ke3 Kg6 52. Rg2 h5
53. Rf2 Rxf2 54. Kxf2 Kf5 55. Kg3 h4+ 56. Kh3 Kf4 57. Kh2 Kg4 58. Kg2 h3+ 59.
Kh2 Kh4 60. Kh1 g4 61. Kh2 g3+ 62. Kh1 Kg4 63. Kg1 Kf3 64. Kh1 g2+ 65. Kg1 h2+
66. Kxh2 Kf2 0-1

[Event "Frankfurt Ch B 2016"]
[Site "Ffm-Höchst, BiKuZ"]
[Date "2016.05.23"]
[Round "4.10"]
[White "Peschk, Kathrin"]
[Black "Schäfer, Dieter"]
[Result "1/2-1/2"]
[WhiteElo "1131"]
[BlackElo "1326"]
[PlyCount "70"]
[EventDate "2016.??.??"]
[WhiteTeam "SV Groß-Gerau"]
[BlackTeam "SV Ffm-Griesheim"]

1. f4 d5 2. Nf3 Nf6 3. d4 Bg4 4. e3 e6 5. Be2 Nbd7 6. c3 h6 7. Nbd2 Bf5 8. O-O
c5 9. Ne5 Ne4 10. Ndf3 c4 11. Bd2 Nb6 12. Ne1 Be7 13. Nc2 O-O 14. Na3 a6 15.
Rc1 f6 16. Nf3 Qd7 17. Nh4 Bh7 18. Bh5 f5 19. Be1 Nf6 20. Bg6 Ng4 21. Bxh7+
Kxh7 22. Qd2 Qd8 23. Nf3 Bxa3 24. bxa3 Qe7 25. Rb1 Nc8 26. h3 Nf6 27. Qb2 Nd6
28. a4 Qc7 29. Qb6 Rf7 30. Qxc7 Rxc7 31. Rb6 Nfe4 32. Bd2 Rb8 33. Rfb1 Re7 34.
Be1 Ree8 35. Ne5 Re7 1/2-1/2

[Event "Frankfurt Ch B 2016"]
[Site "Ffm-Höchst, BiKuZ"]
[Date "2016.05.23"]
[Round "4.11"]
[White "Dröser, Wolfgang"]
[Black "Landvoigt, Martin"]
[Result "1-0"]
[WhiteElo "1190"]
[BlackElo "1155"]
[PlyCount "71"]
[EventDate "2016.??.??"]
[WhiteTeam "SF Frankfurt"]
[BlackTeam "SF Friedberg"]

1. f4 Nf6 2. e3 d5 3. Nf3 Bg4 4. Be2 h6 5. O-O Nc6 6. b3 Qd6 7. Bb2 Bxf3 8.
Bxf3 e5 9. d4 e4 10. Be2 O-O-O 11. c4 dxc4 12. bxc4 Nd7 13. c5 Qd5 14. Nc3 Qf5
15. Bg4 Qf6 16. Nxe4 Qe7 17. Qb1 Rg8 18. d5 Nb4 19. d6 cxd6 20. Nxd6+ Kb8 21.
Bd4 a5 22. a3 Nxc5 23. Bxc5 Rxd6 24. axb4 Qc7 25. Rc1 Rc6 26. Bxf8 Rxf8 27.
Rxc6 Qxc6 28. Bf3 Qc3 29. bxa5 Qxe3+ 30. Kf1 Qa7 31. a6 b6 32. Qd1 Rc8 33. Qd6+
Rc7 34. Bb7 b5 35. Qd8+ Rc8 36. Qxc8# 1-0

[Event "Frankfurt Ch B 2016"]
[Site "Ffm-Höchst, BiKuZ"]
[Date "2016.05.23"]
[Round "4.12"]
[White "Klein, Simon"]
[Black "Urbach, Jens"]
[Result "1-0"]
[WhiteElo "1083"]
[BlackElo "1417"]
[PlyCount "107"]
[EventDate "2016.??.??"]
[WhiteTeam "SF Frankfurt"]
[BlackTeam "SF Frankfurt"]

1. d4 Nf6 2. Bf4 d5 3. e3 Bf5 4. Nf3 h6 5. h4 e6 6. Nbd2 Bd6 7. Bxd6 Qxd6 8. c3
b6 9. Ne5 Nfd7 10. g4 Bh7 11. f4 Nxe5 12. fxe5 Qe7 13. Nf3 Nd7 14. Bd3 Bxd3 15.
Qxd3 c5 16. O-O-O c4 17. Qc2 a5 18. g5 a4 19. gxh6 Rxh6 20. h5 b5 21. Rdg1 f6
22. Rg6 Rxg6 23. Qxg6+ Qf7 24. Rg1 Qxg6 25. Rxg6 Kf7 26. exf6 gxf6 27. Rg1 a3
28. b3 cxb3 29. axb3 a2 30. Kb2 Rh8 31. Rh1 e5 32. Kxa2 e4 33. Nd2 Ke6 34. Ka3
f5 35. Kb4 Nf6 36. h6 Ng4 37. Rh3 Kf6 38. Kxb5 Kg6 39. Kc5 Nxh6 40. Kxd5 Ra8
41. c4 Ra2 42. Rh2 Ng4 43. Rg2 Kh5 44. Re2 Nxe3+ 45. Rxe3 Rxd2 46. c5 Rd3 47.
Re1 Rxb3 48. Rc1 e3 49. c6 e2 50. c7 Re3 51. c8=Q e1=Q 52. Qxf5+ Kh4 53. Rxe1
Rxe1 54. Qf2+ 1-0

[Event "Frankfurt Ch B 2016"]
[Site "Ffm-Höchst, BiKuZ"]
[Date "2016.05.23"]
[Round "4.13"]
[White "Mook, Karl-Jürgen"]
[Black "Pessotschinski, Lars"]
[Result "1-0"]
[WhiteElo "1329"]
[BlackElo "764"]
[PlyCount "47"]
[EventDate "2016.??.??"]
[WhiteTeam "SC Sulzbach"]
[BlackTeam "TuS Makkabi"]

1. Nf3 Nc6 2. d4 d5 3. c4 dxc4 4. Nc3 Nf6 5. e3 Be6 6. Be2 g6 7. O-O Bh6 8. Qa4
Qd7 9. Bxc4 Bxc4 10. Qxc4 O-O 11. Rd1 Na5 12. Qe2 b6 13. e4 Bxc1 14. Raxc1 e6
15. Ne5 Qe7 16. Qf3 Nd7 17. Ng4 Nc6 18. Ne2 f6 19. Rxc6 Nb8 20. Rc2 h5 21. Ne3
e5 22. Nd5 Qd6 23. Nxc7 Rc8 24. Rdc1 1-0

[Event "Frankfurt Ch B 2016"]
[Site "Ffm-Höchst, BiKuZ"]
[Date "2016.05.23"]
[Round "4.15"]
[White "Blank, Martina"]
[Black "Fredershausen, Kurt"]
[Result "1-0"]
[WhiteElo "955"]
[BlackElo "1023"]
[PlyCount "43"]
[EventDate "2016.??.??"]
[WhiteTeam "vereinslos"]
[BlackTeam "SC Bad Soden"]

1. e4 c6 2. d4 d5 3. Nc3 Nf6 4. exd5 cxd5 5. Nf3 Nc6 6. Bb5 Bd7 7. O-O e6 8.
Re1 a6 9. Bxc6 Bxc6 10. Ne5 Bd6 11. Bf4 Bc7 12. Ne2 Bb5 13. Ng3 h6 14. Qf3 O-O
15. Nh5 g5 16. Bd2 Ne4 17. Bb4 Bd6 18. Bxd6 Qxd6 19. Rxe4 dxe4 20. Qf6 Qxe5 21.
dxe5 Rfd8 22. Qg7# 1-0

[Event "Frankfurt Ch B 2016"]
[Site "Ffm-Höchst, BiKuZ"]
[Date "2016.05.23"]
[Round "4.16"]
[White "Lassek, Bjarne"]
[Black "Häfner, Günther"]
[Result "0-1"]
[WhiteElo "737"]
[BlackElo "845"]
[PlyCount "122"]
[EventDate "2016.??.??"]
[WhiteTeam "SC Nied"]
[BlackTeam "FV Berkersheim"]

1. e4 c6 2. Nc3 d5 3. e5 Bf5 4. d4 Nd7 5. Bd3 Bxd3 6. Qxd3 e6 7. Nf3 Bb4 8. Bg5
Qc7 9. O-O Be7 10. Bxe7 Nxe7 11. Ng5 Nf5 12. Qf3 h6 13. Nh3 O-O 14. a4 Nxd4 15.
Qd3 c5 16. Nb5 Nxb5 17. axb5 Nxe5 18. Qg3 Rac8 19. Rfe1 f6 20. Nf4 Rfe8 21.
Rxa7 Qb6 22. Raa1 Qxb5 23. b3 Qd7 24. Rad1 Nf7 25. c4 d4 26. Re2 Qc6 27. Rde1
e5 28. Nd5 b5 29. h3 bxc4 30. bxc4 Qa6 31. Re4 Rc6 32. h4 Qxc4 33. Rg4 g5 34.
Nxf6+ Rxf6 35. hxg5 hxg5 36. Rxg5+ Nxg5 37. Qxg5+ Kf7 38. Qh5+ Ke7 39. Rxe5+
Re6 40. Qg5+ Kd7 41. Qf5 Qc1+ 42. Kh2 Rh8+ 43. Kg3 Rg8+ 44. Kf3 Rge8 45. Qf7+
R8e7 46. Rd5+ Kc6 47. Qf5 Qc4 48. Rd8 Qe2+ 49. Kg3 Qe5+ 50. Qf4 Qxf4+ 51. Kxf4
Rd7 52. Rc8+ Rc7 53. Rd8 Rd6 54. Re8 Rf7+ 55. Ke5 Rxf2 56. Rc8+ Kd7 57. Rxc5 d3
58. Rc1 d2 59. Rd1 Rxg2 60. Kf4 Re2 61. Kf3 Re1 0-1

[Event "Frankfurt Ch B 2016"]
[Site "Ffm-Höchst, BiKuZ"]
[Date "2016.05.23"]
[Round "4.17"]
[White "Lochmann, Tobias"]
[Black "Falk, Aniko Tim"]
[Result "0-1"]
[WhiteElo "729"]
[BlackElo "1191"]
[PlyCount "68"]
[EventDate "2016.??.??"]
[WhiteTeam "SV Groß-Gerau"]
[BlackTeam "SK Hungen"]

1. c4 e5 2. Nc3 Nf6 3. d3 d5 4. e4 d4 5. Nce2 Bd7 6. b3 a5 7. Bd2 a4 8. Nc1 a3
9. Nf3 h6 10. Be2 b5 11. Nxe5 Bd6 12. Ng4 Nxg4 13. Bxg4 b4 14. Ne2 Bxg4 15. f3
Bd7 16. O-O c5 17. Nf4 Nc6 18. Nh5 g6 19. Nf4 Ne5 20. Nd5 Nxd3 21. f4 Be6 22.
e5 Be7 23. Nf6+ Bxf6 24. exf6 Qxf6 25. Qf3 O-O 26. Qxd3 Rfe8 27. f5 Bxf5 28.
Qg3 d3 29. Rad1 Qd4+ 30. Kh1 Qg4 31. Qf2 Re2 32. Qg1 Be4 33. Rf2 Rxf2 34. Qxf2
Qxd1+ 0-1

[Event "Frankfurt Ch B 2016"]
[Site "Ffm-Höchst, BiKuZ"]
[Date "2016.05.23"]
[Round "4.18"]
[White "Albrecht, Edwin"]
[Black "Lachmann, Irma"]
[Result "1-0"]
[WhiteElo "838"]
[BlackElo "743"]
[PlyCount "81"]
[EventDate "2016.??.??"]
[WhiteTeam "SC Bad Soden"]
[BlackTeam "FV Berkersheim"]

1. e4 Nc6 2. Nf3 f6 3. Bc4 e6 4. c3 Bd6 5. d4 e5 6. d5 Na5 7. Bd3 Ne7 8. Be3 c6
9. c4 Qc7 10. Nc3 b6 11. a3 c5 12. Nb5 Qb8 13. b4 cxb4 14. Nxd6+ Qxd6 15. axb4
Qxb4+ 16. Bd2 Qc5 17. Be3 Qb4+ 18. Nd2 Qc3 19. Ra2 Qxd3 20. Rc2 Ba6 21. Qc1 Rc8
22. Rc3 Rxc4 23. Nxc4 Nb3 24. Qb2 Bxc4 25. Rxd3 b5 26. Rc3 a6 27. Qa3 a5 28.
Rxb3 b4 29. Rxb4 axb4 30. Qxb4 Ba6 31. Qd6 Bc8 32. Bc5 Kf7 33. Qxe7+ Kg6 34.
O-O Ba6 35. Re1 Rb8 36. Qxd7 Rb2 37. Qg4+ Kf7 38. h3 g6 39. Ra1 Bd3 40. Ra7+
Kg8 41. Qc8# 1-0

[Event "Frankfurt Ch A 2016"]
[Site "Ffm-Höchst, BiKuZ"]
[Date "2016.05.30"]
[Round "5.1"]
[White "Poetsch, Hagen"]
[Black "Keller, Peter"]
[Result "1-0"]
[WhiteElo "2484"]
[BlackElo "2248"]
[PlyCount "87"]
[EventDate "2016.??.??"]
[WhiteTeam "SF Schöneck"]
[BlackTeam "Frankfurter TV"]

1. c4 c5 2. Nf3 Nc6 3. d4 cxd4 4. Nxd4 Nf6 5. Nc3 g6 6. e4 d6 7. f3 Bg7 8. Be3
O-O 9. Be2 Nxd4 10. Bxd4 Nd7 11. Be3 Nc5 12. Rc1 a5 13. b3 Bd7 14. O-O Bc6 15.
a3 Qb6 16. Nb5 Bxb5 17. cxb5 Qd8 18. b4 axb4 19. axb4 Na4 20. Qb3 Nb6 21. Rfd1
Rc8 22. Rxc8 Nxc8 23. Qd5 Qd7 24. b6 e6 25. Bb5 exd5 26. Bxd7 Bc3 27. b5 d4 28.
Bxd4 Bxd4+ 29. Rxd4 Nxb6 30. Rxd6 Rd8 31. Rxb6 Rxd7 32. Kf2 Kg7 33. e5 Rd2+ 34.
Ke3 Rd7 35. f4 Kf8 36. g4 Ke7 37. f5 Kf8 38. Ke4 Ke7 39. h4 Rc7 40. Kd5 Rd7+
41. Rd6 Rc7 42. f6+ Ke8 43. e6 fxe6+ 44. Kxe6 1-0

[Event "Frankfurt Ch A 2016"]
[Site "Ffm-Höchst, BiKuZ"]
[Date "2016.05.30"]
[Round "5.3"]
[White "Legde, Georg"]
[Black "Milov, Leonid"]
[Result "1/2-1/2"]
[WhiteElo "2299"]
[BlackElo "2417"]
[PlyCount "50"]
[EventDate "2016.??.??"]
[WhiteTeam "Freibauer Mörlenbach"]
[BlackTeam "SC Noris-Tarrasch Nürnberg"]

1. Nf3 f5 2. g3 Nf6 3. Bg2 d6 4. d4 g6 5. O-O Bg7 6. b3 O-O 7. Bb2 Ne4 8. Nbd2
Nc6 9. Nxe4 fxe4 10. Ng5 d5 11. c4 e6 12. Nh3 dxc4 13. e3 e5 14. Ba3 exd4 15.
Bxf8 Qxf8 16. bxc4 Bf5 17. Rb1 Rd8 18. Rxb7 dxe3 19. Qe1 Rd3 20. fxe3 Qc8 21.
Rxf5 gxf5 22. Rb3 Qd7 23. Rxd3 Qxd3 24. Nf4 Qxc4 25. Qd1 Be5 1/2-1/2

[Event "Frankfurt Ch A 2016"]
[Site "Ffm-Höchst, BiKuZ"]
[Date "2016.05.30"]
[Round "5.4"]
[White "Reschke, Thomas"]
[Black "Telljohann, Sven"]
[Result "0-1"]
[WhiteElo "2048"]
[BlackElo "2345"]
[PlyCount "80"]
[EventDate "2016.??.??"]
[WhiteTeam "SC Frankfurt-West"]
[BlackTeam "SF Schöneck"]

1. c4 c6 2. b3 d5 3. Bb2 Bf5 4. Nf3 e6 5. g3 Nd7 6. Bg2 h6 7. O-O Ngf6 8. d4
Be7 9. Nc3 O-O 10. Nd2 a5 11. f3 Qb6 12. c5 Qc7 13. e4 dxe4 14. fxe4 Bg4 15.
Qc2 e5 16. Na4 Be2 17. Rfe1 Bb5 18. Rac1 Rad8 19. d5 Bxa4 20. d6 Bxd6 21. cxd6
Qb6+ 22. Kh1 Bb5 23. Nc4 Bxc4 24. Qxc4 Ng4 25. Bh3 Nf2+ 26. Kg2 Nxh3 27. Kxh3
Qb4 28. Rcd1 Qxc4 29. bxc4 f6 30. Bc3 b6 31. Rb1 c5 32. Red1 Kf7 33. Kg2 Ke6
34. h4 Rc8 35. Rd5 Rc6 36. Rbd1 h5 37. g4 hxg4 38. Kg3 Rh8 39. Kxg4 g6 40. a4
Rh7 0-1

[Event "Frankfurt Ch A 2016"]
[Site "Ffm-Höchst, BiKuZ"]
[Date "2016.05.30"]
[Round "5.5"]
[White "Rondonuwu, Grover"]
[Black "Uwira, Oliver"]
[Result "1-0"]
[WhiteElo "1976"]
[BlackElo "2236"]
[PlyCount "65"]
[EventDate "2016.??.??"]
[WhiteTeam "Frankfurter TV"]
[BlackTeam "SC Nied"]

1. d4 Nf6 2. Nf3 c5 3. g3 cxd4 4. Nxd4 e5 5. Nb3 d5 6. Bg2 Nc6 7. Bg5 Be6 8.
O-O Qd7 9. Bxf6 gxf6 10. Nc3 O-O-O 11. e4 d4 12. Nd5 f5 13. Qe2 Qd6 14. c4 f4
15. c5 Qb8 16. Qb5 Bg7 17. Na5 Bd7 18. Nc4 Bg4 19. Rfc1 f3 20. Nd6+ Rxd6 21.
cxd6 fxg2 22. Ne7+ Kd7 23. Nxc6 bxc6 24. Qxc6+ Ke6 25. Qd5+ Kf6 26. f4 Kg6 27.
Rc7 Be6 28. f5+ Kh5 29. fxe6 Qxb2 30. Rac1 f6 31. e7 Bh6 32. Qf7+ Kg4 33. Qe6+
1-0

[Event "Frankfurt Ch A 2016"]
[Site "Ffm-Höchst, BiKuZ"]
[Date "2016.05.30"]
[Round "5.6"]
[White "Biegel, Thomas"]
[Black "Reschke, Stefan"]
[Result "0-1"]
[WhiteElo "1946"]
[BlackElo "2215"]
[PlyCount "66"]
[EventDate "2016.??.??"]
[WhiteTeam "SVG Eppstein"]
[BlackTeam "SV Oberursel"]

1. d4 d5 2. Nf3 Nf6 3. e3 e6 4. Bd3 c5 5. b3 Nc6 6. O-O Qb6 7. c3 Bd6 8. Nbd2
O-O 9. Ba3 Rd8 10. dxc5 Bxc5 11. Bxc5 Qxc5 12. Qc2 e5 13. e4 Bg4 14. Rac1 Rac8
15. exd5 Qxd5 16. Bf5 Nb4 17. Qb1 Bxf5 18. Qxf5 Nxa2 19. c4 Qc5 20. Rce1 Re8
21. Rxe5 Rxe5 22. Qxe5 Qxe5 23. Nxe5 Rd8 24. Ndf3 Nb4 25. Ra1 Ne4 26. Ne1 f6
27. Ng4 a6 28. f3 Nc5 29. Ne3 Rd2 30. Rb1 Kf7 31. N1c2 Nxc2 32. Rb2 Rd3 33.
Nxc2 Rd1+ 0-1

[Event "Frankfurt Ch A 2016"]
[Site "Ffm-Höchst, BiKuZ"]
[Date "2016.05.30"]
[Round "5.7"]
[White "Stockmann, Michael"]
[Black "Sachse, Günter"]
[Result "0-1"]
[WhiteElo "2189"]
[BlackElo "1989"]
[PlyCount "74"]
[EventDate "2016.??.??"]
[WhiteTeam "SF Schöneck"]
[BlackTeam "SK Langen"]

1. d4 Nf6 2. Nf3 g6 3. g3 Bg7 4. Bg2 d5 5. c4 c6 6. Ne5 Nbd7 7. Nc3 dxc4 8.
Nxc4 Nb6 9. Ne5 O-O 10. O-O Ng4 11. Nf3 e5 12. Bg5 f6 13. Bc1 Qc7 14. h3 exd4
15. Qb3+ Kh8 16. Nxd4 Ne5 17. f4 Nec4 18. e4 Qe7 19. Na4 c5 20. Nxb6 Nxb6 21.
Ne2 Be6 22. Qc2 Rfd8 23. Be3 Nc4 24. Bc1 Rac8 25. b3 Nd6 26. Nc3 Qd7 27. Kh2 c4
28. b4 Nb5 29. Rd1 Qe8 30. Be3 b6 31. Nxb5 Qxb5 32. f5 gxf5 33. Qc3 Rd3 34.
Rxd3 cxd3 35. Qd4 fxe4 36. Bxe4 f5 37. Bxf5 Qxf5 0-1

[Event "Frankfurt Ch A 2016"]
[Site "Ffm-Höchst, BiKuZ"]
[Date "2016.05.30"]
[Round "5.8"]
[White "Egenolf, Dirk"]
[Black "Felmy, Benjamin"]
[Result "0-1"]
[WhiteElo "1911"]
[BlackElo "2075"]
[PlyCount "130"]
[EventDate "2016.??.??"]
[WhiteTeam "SK Niederbrechen"]
[BlackTeam "SC Bad Soden"]

1. e4 c5 2. Nf3 e6 3. d3 Nc6 4. Qe2 d6 5. g3 e5 6. Bg2 g6 7. h3 Bg7 8. O-O Nge7
9. Be3 O-O 10. Qd2 Rb8 11. Bh6 f6 12. Bxg7 Kxg7 13. a4 Be6 14. Nc3 Qd7 15. Kh2
h6 16. Ng1 f5 17. f4 Rf7 18. Nge2 Rbf8 19. a5 Kh7 20. Nd5 fxe4 21. dxe4 Nd4 22.
Nxd4 cxd4 23. Nb4 Bc4 24. Nd3 Qb5 25. fxe5 dxe5 26. Rxf7+ Rxf7 27. b3 Bxd3 28.
Qxd3 Qxd3 29. cxd3 Nc6 30. Kg1 Nb4 31. Bf1 Rc7 32. Ra4 Na6 33. Rc4 Rxc4 34.
bxc4 Nc5 35. Kf2 a6 36. Ke2 Nb3 37. Kd1 Nxa5 38. Kc2 b6 39. Be2 h5 40. Kb2 Nb7
41. Bd1 Nc5 42. Be2 Kh6 43. h4 Kg7 44. Ka3 Kf6 45. Kb4 Ke7 46. Ka3 Kd6 47. Bf1
a5 48. Be2 Nd7 49. Kb3 Kc5 50. Ka4 Nf6 51. Bf3 Ng4 52. Bd1 Kc6 53. Bf3 Nf2 54.
Be2 Kc5 55. Kb3 b5 56. cxb5 Kxb5 57. Ka3 a4 58. Bf1 Nd1 59. Be2 Ne3 60. Bf3
Nc2+ 61. Kb2 Ne1 62. Be2 Kb4 63. Bxh5 gxh5 64. g4 hxg4 65. h5 Nf3 0-1

[Event "Frankfurt Ch A 2016"]
[Site "Ffm-Höchst, BiKuZ"]
[Date "2016.05.30"]
[Round "5.9"]
[White "Zweschper, Erich"]
[Black "Kolker, Vladislav"]
[Result "1-0"]
[WhiteElo "2036"]
[BlackElo "1957"]
[PlyCount "59"]
[EventDate "2016.??.??"]
[WhiteTeam "SVG Eppstein"]
[BlackTeam "SC Bad Nauheim"]

1. d4 Nf6 2. c4 g6 3. f3 Bg7 4. Nc3 O-O 5. e4 d6 6. Be3 Nc6 7. d5 Ne5 8. Qd2 c6
9. h3 cxd5 10. cxd5 a6 11. f4 Ned7 12. Bd3 e6 13. dxe6 fxe6 14. Bc2 Nb6 15. Bb3
Qc7 16. Qd3 Kh8 17. Nge2 d5 18. e5 Nfd7 19. h4 Nc5 20. Bxc5 Qxc5 21. h5 Rd8 22.
hxg6 h6 23. g4 Kg8 24. g5 hxg5 25. Rh7 Nd7 26. O-O-O Nf8 27. Rh5 gxf4 28. Nxf4
d4 29. Kb1 Bxe5 30. g7 1-0

[Event "Frankfurt Ch A 2016"]
[Site "Ffm-Höchst, BiKuZ"]
[Date "2016.05.30"]
[Round "5.10"]
[White "Schwenkreis, Thomas"]
[Black "Kuhn, Gerhard"]
[Result "1-0"]
[WhiteElo "2001"]
[BlackElo "1901"]
[PlyCount "43"]
[EventDate "2016.??.??"]
[WhiteTeam "SV Oberursel"]
[BlackTeam "SK Marburg"]

1. e4 c6 2. f4 d5 3. Nc3 dxe4 4. Nxe4 Nd7 5. Bc4 Ngf6 6. Nf2 Nb6 7. Bb3 Bf5 8.
Nf3 h5 9. d3 e6 10. O-O Bc5 11. d4 Be7 12. c3 Qc7 13. Nd3 Ng4 14. h3 Nf6 15.
Nde5 Bd6 16. Ng5 Bxe5 17. fxe5 Nfd5 18. Qe1 f6 19. exf6 gxf6 20. Nxe6 Bxe6 21.
Qxe6+ Qe7 22. Qf5 1-0

[Event "Frankfurt Ch A 2016"]
[Site "Ffm-Höchst, BiKuZ"]
[Date "2016.05.30"]
[Round "5.11"]
[White "Bösch, Dirk"]
[Black "Masoudi, Kian"]
[Result "1-0"]
[WhiteElo "2098"]
[BlackElo "1361"]
[PlyCount "81"]
[EventDate "2016.??.??"]
[WhiteTeam "SK Ebringen"]
[BlackTeam "SC Bergen-Enkheim"]

1. d4 Nf6 2. c4 c5 3. d5 e6 4. Nc3 exd5 5. cxd5 d6 6. g3 g6 7. Bg2 Bg7 8. Nf3
O-O 9. O-O Na6 10. Nd2 Nc7 11. a4 a6 12. Nc4 Nce8 13. h3 Nd7 14. a5 b5 15. axb6
Nxb6 16. Na5 Qc7 17. Bf4 Nf6 18. e4 Nh5 19. Bg5 Bd4 20. Kh2 f5 21. Nc6 Bg7 22.
exf5 Bxf5 23. g4 h6 24. Bc1 Qf7 25. gxf5 g5 26. Re1 Bf6 27. Ne4 Nc8 28. Bf3 Ng7
29. Ng3 Qd7 30. Qa4 Qf7 31. Qg4 Bd4 32. Nxd4 cxd4 33. Qxd4 Nxf5 34. Nxf5 Qxf5
35. Bg4 Qc2 36. Be6+ Kh7 37. Be3 Ne7 38. Rac1 Qg6 39. Rc7 Rfe8 40. Qg4 Kh8 41.
Bd4+ 1-0

[Event "Frankfurt Ch A 2016"]
[Site "Ffm-Höchst, BiKuZ"]
[Date "2016.05.30"]
[Round "5.12"]
[White "Winand, Edgar"]
[Black "Schmidt, Markus"]
[Result "1-0"]
[WhiteElo "1828"]
[BlackElo "2013"]
[PlyCount "163"]
[EventDate "2016.??.??"]
[WhiteTeam "SC Flörsheim"]
[BlackTeam "SK Turm Bad Hersfeld"]

1. Nf3 Nf6 2. d3 c5 3. g3 g6 4. Bg2 Bg7 5. e4 d6 6. O-O O-O 7. h3 Nc6 8. Nc3
Rb8 9. Be3 e5 10. Nh2 Nd4 11. Ne2 d5 12. c3 Nxe2+ 13. Qxe2 d4 14. Bd2 b5 15.
cxd4 cxd4 16. Bb4 Re8 17. Qd2 Bb7 18. Rac1 Qd7 19. Rc2 Rbc8 20. Rfc1 Rxc2 21.
Rxc2 Rc8 22. Qc1 Rxc2 23. Qxc2 Qc8 24. Qc5 Qxc5 25. Bxc5 a6 26. Nf3 Nd7 27. Bd6
f6 28. h4 Bf8 29. Bxf8 Kxf8 30. Bh3 Nc5 31. Ne1 Ke7 32. Bf1 b4 33. b3 a5 34. f3
Kd6 35. Kf2 a4 36. Nc2 axb3 37. axb3 Na6 38. Bh3 Bc6 39. Ke2 Kc5 40. Kd2 Be8
41. Be6 Nc7 42. Bc4 g5 43. Ne1 gxh4 44. gxh4 Bh5 45. Ke2 Ne8 46. Kf2 Nd6 47.
Be6 Bf7 48. Bxf7 Nxf7 49. f4 exf4 50. Kf3 Ne5+ 51. Kxf4 Kd6 52. Kf5 Ke7 53. Nc2
Nxd3 54. Nxd4 Nc5 55. Nc6+ Kf7 56. Nxb4 Nxb3 57. Nc6 Nc5 58. Nb4 Nd7 59. Nd5 h5
60. Nf4 Nf8 61. Nxh5 Ng6 62. Kg4 Ne5+ 63. Kf4 Ng6+ 64. Kg3 Ne5 65. Nf4 Kg7 66.
Ng2 Kg6 67. Nf4+ Kg7 68. Nd5 Ng6 69. h5 Nf8 70. Ne3 Ne6 71. Ng4 Nc5 72. Kf3 Kf7
73. Nh6+ Kg7 74. Ng4 Ne6 75. Ne3 Ng5+ 76. Kf4 Nxe4 77. Nf5+ Kh7 78. Kxe4 Kh8
79. Kd5 Kh7 80. Ke6 Kh8 81. Kxf6 Kh7 82. Kf7 1-0

[Event "Frankfurt Ch A 2016"]
[Site "Ffm-Höchst, BiKuZ"]
[Date "2016.05.30"]
[Round "5.13"]
[White "Calvi, Stefan"]
[Black "Hochmuth, Christian"]
[Result "1-0"]
[WhiteElo "1974"]
[BlackElo "1839"]
[PlyCount "101"]
[EventDate "2016.??.??"]
[WhiteTeam "SF Frankfurt"]
[BlackTeam "SG Wächtersbach"]

1. e4 c6 2. Nf3 d5 3. exd5 cxd5 4. Ne5 Nf6 5. d4 g6 6. Bb5+ Nbd7 7. c3 Bg7 8.
O-O O-O 9. Qe2 a6 10. Bd3 Nxe5 11. dxe5 Nd7 12. f4 Nc5 13. Bc2 Bf5 14. Be3 Bxc2
15. Qxc2 Qc7 16. Nd2 b5 17. Rf2 Rac8 18. Bxc5 Qxc5 19. Nb3 Qb6 20. Qd2 e6 21.
Qd4 Rc6 22. Qxb6 Rxb6 23. a3 Rc8 24. Rf3 Bf8 25. Kf1 h5 26. Ke2 Kg7 27. Kd3 Bc5
28. Na5 Rbb8 29. g3 Bb6 30. Nb3 Rc4 31. Nd2 Rc7 32. h3 Rcc8 33. Raf1 Rh8 34. g4
hxg4 35. hxg4 Bc7 36. f5 exf5 37. gxf5 Bxe5 38. fxg6 f6 39. Nb3 Kxg6 40. Nc5
Ra8 41. Nd7 Rh2 42. Nxf6 Bxf6 43. Rxf6+ Kg7 44. R6f3 Ra7 45. Rg1+ Kh7 46. Rf5
Rd7 47. Kd4 Rh6 48. Rg4 Rh2 49. b3 Rh1 50. Kc5 Rh3 51. Kc6 1-0